000 00752nam a2200217 a 4500
001 BRCA_464
005 20190320203024.0
008 020805s1991----sp-a---###---#000-0#spa-d
020 _a8474837774
040 _aDLC
050 4 _aNK4174.7
_b.S26 1991
100 1 _aSantos Moro, Francisco de
_91595
245 1 0 _aCerámica de Marruecos
_cFrancisco de Santos Moro.
260 _aMadrid
_bMinisterio de Cultura, Dirección General de Bellas Artes y Archivos
_c1991
300 _a116 p.
_bil. (algunas a color)
_c28 cm.
500 _aIncluye glosario
504 _aBibliografía : p. 61-62
610 2 4 _aMuseo Nacional de Etnología (Madrid)
_vCatálogos
_xColección de cerámica
_91596
650 1 4 _aCerámica marroquí
_vCatálogos
_91597
942 _2lcc
_cB
999 _c399
_d399